000 00224nam a2200085Ia 4500
008 170620s9999 xx 000 0 und d
100 _aSINGH- AVTAR
245 0 _aPRINCIPLES OF THE LAW OF EVIDENCE
260 _bCENTRAL LAW AGENCY ALLAHABAD
260 _c2014
999 _c30337
_d30337